| Tag |
First Indicator |
Second Indicator |
Subfields |
| LEADER |
00000cam a2200000 4500 |
| 001 |
in00000022351 |
| 005 |
20151007063946.0 |
| 008 |
780617s1902 nyu 00010 eng |
| 010 |
|
|
|a 04013970
|
| 035 |
|
|
|a (OCoLC)03982763
|
| 035 |
|
|
|9 AAD8703AM
|
| 040 |
|
|
|a DLC
|c APL
|d TXA
|d UtOrBLW
|
| 049 |
|
|
|a TXAM
|c [27536]
|
| 050 |
0 |
0 |
|a HN389
|b .A72 1902
|
| 092 |
|
|
|a 824
|b A757c
|
| 100 |
1 |
|
|a Arnold, Matthew,
|d 1822-1888.
|
| 245 |
1 |
0 |
|a Culture & anarchy :
|b an essay in political and social criticism; and Friendship's garland, being the conversations, letters, and opinions of the late Arminius, baron von Thunder-ten-Tronckh /
|c Collected and ed., with a dedicatory letter to Adodescens Leo, esq., of "The Daily telegraph", by Matthew Arnold.
|
| 264 |
|
1 |
|a New York :
|b The Macmillan company,
|c 1902.
|
| 300 |
|
|
|a xiiii pages, 1 ., 364 pages ;
|c 19 cm.
|
| 336 |
|
|
|a text
|b txt
|2 rdacontent
|
| 337 |
|
|
|a unmediated
|b n
|2 rdamedia
|
| 338 |
|
|
|a volume
|b nc
|2 rdacarrier
|
| 650 |
|
0 |
|a Culture.
|
| 740 |
0 |
|
|a Friendship's garland.
|
| 999 |
|
|
|a MARS
|
| 999 |
f |
f |
|s 754f2a82-e2e7-38e0-8762-c6bf496827cf
|i 4ce0c6dc-eb46-39aa-8b6e-5caf0f68e9fb
|t 0
|
| 952 |
f |
f |
|p ric
|a Texas A&M University
|b Rellis Campus
|c Joint Library Facility
|d Remote Storage
|t 0
|e HN389 .A72 1902
|h Library of Congress classification
|i unmediated -- volume
|m A14801336223
|
| 998 |
f |
f |
|a HN389 .A72 1902
|t 0
|l Remote Storage
|